Todas las canciones de Natos y Waor - Estadísticas

Estadísticas generales
  • Esta prueba ha sido intentada 188 veces
    23 desde el último reinicio
  • La puntuación promedio es 62 de 151
Estadísticas de respuestas
Canción Álbum % Correcto
Catarsis CATARSIS
82%
Cicatrices CICATRICES
82%
Martes 13 MARTES 13
82%
Más alcohol HIJOS DE LA RUINA vol.3
82%
Por la jeta POR LA JETA
82%
Hijos de la Ruina HIJOS DE LA RUINA
76%
A la tumba HIJOS DE LA RUINA vol.3
71%
Carretera HIJOS DE LA RUINA vol.2
71%
Hija de p* HIJOS DE LA RUINA
71%
Bicho raro CICATRICES
65%
Medias tintas HIJOS DE LA RUINA
65%
Nosotros HIJOS DE LA RUINA vol.3
65%
Speed HIJOS DE LA RUINA vol.2
65%
Caminaré CICATRICES
59%
Dime que sí HIJOS DE LA RUINA vol.3
59%
Mal de amores MAL DE AMORES
59%
Piratas CICATRICES
59%
Sudores fríos HIJOS DE LA RUINA vol.3
59%
5 Estrellas BARRAS BRAVAS vol. 2
53%
Alfa y Omega CICATRICES
53%
Bajo cero HIJOS DE LA RUINA vol.4
53%
Dale gas POR LA JETA
53%
Es como la cocaína CATARSIS
53%
Fuego, fuego HIJOS DE LA RUINA vol.3
53%
Kill your idols POR LA JETA
53%
Loopings CATARSIS
53%
RockNRollas MARTES 13
53%
Septiembre LUNA LLENA
53%
Underground Kings CICATRICES
53%
Vale tudo LUNA LLENA
53%
Ahá HIJOS DE LA RUINA vol.4
47%
Cuestión de fe HIJOS DE LA RUINA vol.3
47%
Delirium MARTES 13
47%
Hijos de la capital HIJOS DE LA RUINA vol.4
47%
Hustlers BARRAS BRAVAS vol. 14
47%
Madriz HIJOS DE LA RUINA vol.4
47%
Moltisanti HIJOS DE LA RUINA vol.4
47%
Montecarlo BARRAS BRAVAS vol. 25
47%
Naufragio POR LA JETA
47%
Otra vez HIJOS DE LA RUINA vol.4
47%
Oveja negra HIJOS DE LA RUINA vol.4
47%
Pecados CICATRICES
47%
Pierdo el control HIJOS DE LA RUINA vol.4
47%
Platos rotos LUNA LLENA
47%
Problemas MARTES 13
47%
Quiero volar LUNA LLENA
47%
Räikkönen BARRAS BRAVAS vol. 20
47%
Rumba LUNA LLENA
47%
Strippers CATARSIS
47%
A caraperro POR LA JETA
41%
Agua y aceite HIJOS DE LA RUINA vol.2
41%
Alcatraz BARRAS BRAVAS vol. 19
41%
Autodestrucción CICATRICES
41%
Bestsellers CICATRICES
41%
Botella para dos BARRAS BRAVAS vol. 13
41%
Budokai BARRAS BRAVAS vol. 28
41%
Calavera no chilla BARRAS BRAVAS vol. 12
41%
Camarón MARTES 13
41%
Canallas CATARSIS
41%
Carne de cañón HIJOS DE LA RUINA vol.2
41%
Con la música a otro parke CATARSIS
41%
Cuando nadie nos mira HIJOS DE LA RUINA vol.4
41%
Dispuestos a morir SINGLES
41%
El chandal de los domingos HIJOS DE LA RUINA vol.4
41%
Excesos CAJA NEGRA
41%
Ey mamá CICATRICES
41%
Gloria BARRAS BRAVAS vol. 6
41%
Hasta que salga el sol LUNA LLENA
41%
J'suis HDLR HIJOS DE LA RUINA vol.2
41%
Karma BARRAS BRAVAS vol. 4
41%
Lágrimas negras MARTES 13
41%
La trampa HIJOS DE LA RUINA vol.4
41%
Los 90 LUNA LLENA
41%
Mal fario CATARSIS
41%
Malo MAL DE AMORES
41%
Nada ha cambiado HIJOS DE LA RUINA vol.4
41%
Papel de plata CATARSIS
41%
Por ti BARRAS BRAVAS vol. 8
41%
Qué guapo estás callado CAJA NEGRA
41%
Rara Avis BARRAS BRAVAS vol. 7
41%
Rebeldes sin causa LUNA LLENA
41%
Recuperando el tiempo perdido CAJA NEGRA
41%
Roto por dentro HIJOS DE LA RUINA vol.4
41%
Solo en tu cama MAL DE AMORES
41%
Tenías razón LUNA LLENA
41%
Terciopelo BARRAS BRAVAS vol. 11
41%
Tiras y aflojas HIJOS DE LA RUINA
41%
Tomo demasiado LUNA LLENA
41%
Wild West MARTES 13
41%
A corazón abierto MARTES 13
35%
Balada CICATRICES
35%
Cábalas BARRAS BRAVAS
35%
Chillin HIJOS DE LA RUINA
35%
Cinco Jotas BARRAS BRAVAS vol. 21
35%
Contar hasta diez CAJA NEGRA
35%
Contrabando MARTES 13
35%
Critical POR LA JETA
35%
Cuentas pendientes CAJA NEGRA
35%
Dame calor LUNA LLENA
35%
Dreams MARTES 13
35%
Elegante BARRAS BRAVAS vol. 10
35%
First Class HIJOS DE LA RUINA vol.4
35%
Gato de callejón BARRAS BRAVAS vol. 17
35%
Generación perdida CICATRICES
35%
Gold Diggers BARRAS BRAVAS vol. 23
35%
Hasta el amanecer BARRAS BRAVAS vol. 18
35%
Indomables MAL DE AMORES
35%
In Love HIJOS DE LA RUINA vol.2
35%
Lip Gloss MARTES 13
35%
Los niños del barrio HIJOS DE LA RUINA vol.4
35%
Miedo y asco BARRAS BRAVAS vol. 3
35%
Morir o matar HIJOS DE LA RUINA vol.4
35%
Niño de cristal CICATRICES
35%
Noches sin dormir LUNA LLENA
35%
No sé HIJOS DE LA RUINA vol.4
35%
Palos de ciego MAL DE AMORES
35%
Penas y glorias HIJOS DE LA RUINA vol.4
35%
Pupilas dilatadas CATARSIS
35%
Quién soy BARRAS BRAVAS vol. 5
35%
Volver a nacer MAL DE AMORES
35%
ASAP ROCKY BARRAS BRAVAS vol. 27
29%
Caliente BARRAS BRAVAS vol. 24
29%
Cansado de fingir HIJOS DE LA RUINA vol.4
29%
Chatarra BARRAS BRAVAS vol. 22
29%
Cheque en blanco BARRAS BRAVAS vol. 9
29%
Cosa de dos MAL DE AMORES
29%
Cura de humildad LUNA LLENA
29%
Déjà Vu SINGLES
29%
De madrugada HIJOS DE LA RUINA vol.4
29%
Extrarradio BARRAS BRAVAS vol. 26
29%
Flawless BARRAS BRAVAS vol. 16
29%
Ícaro BARRAS BRAVAS vol. 15
29%
Malas noticias MARTES 13
29%
Maquiavelo CAJA NEGRA
29%
Morir joven CAJA NEGRA
29%
Muerto en vida HIJOS DE LA RUINA vol.4
29%
Promiscuidad MARTES 13
29%
Sabor amargo CAJA NEGRA
29%
Sigo vivo CAJA NEGRA
29%
We back MAL DE AMORES
29%
F* fame CAJA NEGRA
24%
Kurt Cobain SINGLES
24%
Remember CAJA NEGRA
24%
Sibarita SINGLES
18%
Nubes y claros SINGLES
12%
Tranquilito SINGLES
6%
Vida de ratas SINGLES
6%
Apariencias SINGLES
0%
Game Over SINGLES
0%
Trigo limpio SINGLES
0%
Vacileo SINGLES
0%
No se encontraron pruebas coincidentes
Distribución de puntuación
Porcentaje de gente con cada puntuación
Porcentaje por número respondido
Historial de tus puntuaciones
No has intentado esta prueba desde el último reinicio